Pierres précieuses et semi-précieuses de A à Z - Statistiques

Statistiques générales
  • Ce quiz a été pris 369 fois
  • Le résultat moyen est 11 sur 26
Statistiques - réponses
Lettre Pierre % Correct
D Diamant | Dioptase
85%
R Rubis | Rodonite
85%
E Emeraude
83%
A Agate | Amazonite | Ambre | Améthyste | Aventurine | Azurite
82%
S Saphir | Serpentine | Stibine
76%
O Opale | Obsidienne | Oeil de chat | Oeil de tigre | Oeil de faucon | Oeil de fer | Onyx
68%
Q Quartz
65%
J Jais | Jade | Jaspe
63%
T Topaze | Turquoise | Tourmaline
63%
L Lapis lazuli | Larimar | Lépidolite
51%
C Citrine | Calcédoine | Cornaline | Cristal de roche | Cyanite
43%
P Peridot | Pierre de lune | Pierre de soleil | Pyrite
42%
Y {.}Aucune pierre
37%
G Grenat | Galène
36%
Z Zircon
34%
M Malachite | Moldavite
28%
F Fluorite
24%
B Béryl | Bronzite
23%
H Hématite
17%
I Iolite | Iris
14%
N Nacre
12%
K Kunzite
8%
V Vésuvianite | Vanadinite
6%
U Uvarovite
3%
W Wiluite | Wulfénite
3%
X Xenotime
2%
Aucun quiz correspondant
Distribution des résultats
% des personnes avec chaque résultat
Percentile par nombre de réponses
Votre historique - résultats
Vous n’avez pas pris ce quiz